Vorlesungen zur Einführung in die sprachanalytische Philosophie / (Registro nro. 151178)

Detalles MARC
000 -LEADER
fixed length control field nam a22 7a 4500
005 - DATE AND TIME OF LATEST TRANSACTION
control field 20190911130753.0
008 - FIXED-LENGTH DATA ELEMENTS--GENERAL INFORMATION
fixed length control field 190911b ek ||||| |||| 00| 0 eng d
050 04 - LIBRARY OF CONGRESS CALL NUMBER
Classification number BJ1114
Item number T84 1976
100 1# - MAIN ENTRY--PERSONAL NAME
Personal name Tugendhat,Ernst
245 10 - TITLE STATEMENT
Title Vorlesungen zur Einführung in die sprachanalytische Philosophie /
Statement of responsibility, etc Ernst Tugendhat
250 ## - EDITION STATEMENT
Edition statement 1a edición
260 ## - PUBLICATION, DISTRIBUTION, ETC. (IMPRINT)
Place of publication, distribution, etc Frankfurt am Main :
Name of publisher, distributor, etc Suhrkamp,
Date of publication, distribution, etc 1976.
300 ## - PHYSICAL DESCRIPTION
Extent 534 p. ;
Dimensions 18 cm.
490 0# - SERIES STATEMENT
Series statement Suhrkamp Taschenbuch Wissenschaft,
Volume number/sequential designation No 45.
650 #4 - SUBJECT ADDED ENTRY--TOPICAL TERM
Topical term or geographic name as entry element Lengua e idiomas
General subdivision Filosofía.
650 #4 - SUBJECT ADDED ENTRY--TOPICAL TERM
Topical term or geographic name as entry element Filosofía del lenguaje.
942 ## - ADDED ENTRY ELEMENTS (KOHA)
Source of classification or shelving scheme Biblioteca del Cogreso de los Estados Unidos
Koha item type Libro
Existencias
Estado de pérdida Fuente de clasificación Estado del daño No para préstamo Ubicación permanente Ubicación actual Apartado o colección Fecha de adquisición Fuente de adquisición Edición Dependencia de educación superior (DES) Área del conocimiento Clasificación Código de Barras Date last seen Número de copia Costo por reposición Tipo de recurso
  Biblioteca del Cogreso de los Estados Unidos   Consulta Biblioteca de la Facultad de Filosofía Biblioteca de la Facultad de Filosofía Fondo "Luis Villoro" 11/09/2019 Donación 1a ed. Humanidades Educación y Humanidades BJ1114 T84 1976 BFF000033411 11/09/2019 C:1 0.00 Libro